<?xml version="1.0" encoding="UTF-8"?>
<collection xmlns="http://www.loc.gov/MARC21/slim">
 <record>
  <leader>01804nam a2200217Ia 4500</leader>
  <controlfield tag="001">CTU_206906</controlfield>
  <controlfield tag="008">210402s9999    xx            000 0 und d</controlfield>
  <datafield tag="020" ind1=" " ind2=" ">
   <subfield code="c">22.61</subfield>
  </datafield>
  <datafield tag="082" ind1=" " ind2=" ">
   <subfield code="a">330.973</subfield>
  </datafield>
  <datafield tag="082" ind1=" " ind2=" ">
   <subfield code="b">T161</subfield>
  </datafield>
  <datafield tag="100" ind1=" " ind2=" ">
   <subfield code="a">Tanous, Peter J.</subfield>
  </datafield>
  <datafield tag="245" ind1=" " ind2="0">
   <subfield code="a">Debt, deficits, and the demise of the American economy</subfield>
  </datafield>
  <datafield tag="245" ind1=" " ind2="0">
   <subfield code="c">Peter Tanous, Jeff Cox</subfield>
  </datafield>
  <datafield tag="260" ind1=" " ind2=" ">
   <subfield code="a">Hoboken, N.J.</subfield>
  </datafield>
  <datafield tag="260" ind1=" " ind2=" ">
   <subfield code="b">Wiley</subfield>
  </datafield>
  <datafield tag="260" ind1=" " ind2=" ">
   <subfield code="c">2011</subfield>
  </datafield>
  <datafield tag="520" ind1=" " ind2=" ">
   <subfield code="a">What investors can do to protect their investments in the next phase of the ongoing global economic collapse. The United States is heading toward an unavoidable financial catastrophe that will paralyze the markets and the overall economy in ways never before seen. Some call this impending economic catastrophe a double-dip recession, others a financial Armageddon.. Regardless of what it's called, it is too late to stop it. Debts, Deficits, and the Demise of the American Economy is a look at how we got here, how the crisis is unfolding, and how it will end with a stock market crash in 2012, if not sooner.. Takes you through the unraveling of the collapse, starting with a wave of sovereign debt defaults in Europe. Predicts a stock market decline of two to three thousand points, a run on banks resulting in a major bank crisis, and rampant inflation. Provides investment strategies, including alternative investments such as timber, farm land, and oil. Offers a detailed proposal to get the United States out of the crisis. Debts, Deficits, and the Demise of the American Economy is a must-read, play-by-play account of the worldwide depression that is likely to unfold in the coming years.</subfield>
  </datafield>
  <datafield tag="650" ind1=" " ind2=" ">
   <subfield code="a">Business forecasting,Dự báo kinh doanh</subfield>
  </datafield>
  <datafield tag="650" ind1=" " ind2=" ">
   <subfield code="z">United States,Hoa Kỳ</subfield>
  </datafield>
  <datafield tag="904" ind1=" " ind2=" ">
   <subfield code="i">Hải</subfield>
  </datafield>
  <datafield tag="980" ind1=" " ind2=" ">
   <subfield code="a">Trung tâm Học liệu Trường Đại học Cần Thơ</subfield>
  </datafield>
 </record>
</collection>
